| 000 | 00667nam a2200133 4500 | ||
|---|---|---|---|
| 001 | 6390 | ||
| 020 | 0 | 0 | _a9789993612520 |
| 100 | 0 | 0 | _aBhandari, Gayatri. |
| 245 | 0 | 0 |
_aEight : _bNyingtob Tshering's amazing journey / _cGayatri Bhandari. _h |
| 260 | 0 | 0 |
_aThimphu : Bhutan. _bDSB Publications. _c |
| 300 | 0 | 0 | _a59 p, 22 cm. |
| 505 |
_aOne:Change is wonderful -- Two:One morning at the National Referral Hospital -- Three:Call for "Brands of Bhutan" -- Four:Thup seller and the Center Box -- Five:Caressing another Rosary Bend -- Six:At the Archery range -- Seven:Clock Tower Reminiscences -- Eight:The final ascend to Talakha. _g _r _t |
||
| 651 |
_aBhutan -- Fiction. _v _x _y _z _2 |
||
| 999 |
_c5385 _d5385 |
||